Методические рекомендации по практическому использованию программных комплектов "Укрупненные параметры" и "Глубинность-I", предназначенных для интерпретации сложных гравитационных и магнитных полей

Bibliografische gegevens
Coauteur: Научно-производственное объединение "Рудгеофизика"
Andere auteurs: Безруков С. Ф. (редактор)
Taal:Russisch
Gepubliceerd in: Ленинград, НПО "Рудгеофизика", 1989
Onderwerpen:
Formaat: Boek
KOHA link:https://koha.lib.tpu.ru/cgi-bin/koha/opac-detail.pl?biblionumber=253908

MARC

LEADER 00000nam0a2200000 4500
001 253908
005 20231101232904.0
020 |a RU  |b 89-54845 
035 |a (RuTPU)RU\TPU\book\276327 
090 |a 253908 
100 |a 20140318d1989 k a0rusy5003 ca 
101 0 |a rus 
102 |a RU 
105 |a a z 001zy 
200 1 |a Методические рекомендации по практическому использованию программных комплектов "Укрупненные параметры" и "Глубинность-I", предназначенных для интерпретации сложных гравитационных и магнитных полей  |f Научно-производственное объединение "Рудгеофизика" ; под ред. С. Ф. Безрукова 
210 |a Ленинград  |c НПО "Рудгеофизика"  |d 1989 
215 |a 63 с.  |c ил. 
320 |a Библиогр.: с. 62 (17 назв.) 
606 1 |a Гравиметрическая разведка  |x Интерпретация результатов  |2 stltpush  |3 (RuTPU)RU\TPU\subj\8421  |9 35835 
610 1 |a методические рекомендации 
610 1 |a практическое использование 
610 1 |a программы 
610 1 |a гравитационные поля 
610 1 |a магнитные поля 
610 1 |a задачи 
675 |a 550.831.053  |z rus 
702 1 |a Безруков  |b С. Ф.  |4 340 
712 0 2 |a Научно-производственное объединение "Рудгеофизика"  |2 stltpush  |3 (RuTPU)RU\TPU\col\9324  |9 24685 
801 0 |a RU  |b RuMRKP  |c 19950417  |g psbo 
801 1 |a RU  |b 63413507  |c 20140318 
801 2 |a RU  |b 63413507  |c 20140618  |g RCR 
942 |c BK